000 00872nam a22002897a 4500
001 4900
003 FISKH
005 20241023122521.0
008 241023b cb ||||| |||| 00| 0 eng d
020 _a9781338268942
040 _aFISKH
_beng
_cFISKH
_dFISKH
050 _aPZ7.B868
082 _a813.6
100 _aBurach, Ross
245 _aTruck full of ducks /
_cRoss Burach
250 _aThis edition first printing 2018.
260 _aNew York :
_bScholastic,
_c2018.
300 _a36 pages :
_bColor illustrations ;
_c28 cm.
505 _aG
520 _aDid you call for a truck full of ducks? Join the flock on this wacky call-and-response ride to find out just WHO did--and why.
521 8 _a380L
_bLexile
521 8 _aG
_bRaz-Plus
650 _2Animals
_aFiction
650 _2Transportation
_aTrucks
942 _2ddc
_cBK
_n0
999 _c4900
_d4900